Vista normal Vista MARC

Entrada Personal Name

Número de registros utilizados en: 1

001 - CONTROL NUMBER

  • control field: 44388

003 - CONTROL NUMBER IDENTIFIER

  • control field: OSt

005 - DATE AND TIME OF LATEST TRANSACTION

  • control field: 20251017151737.0

008 - FIXED-LENGTH DATA ELEMENTS

  • fixed length control field: 251017|| aca||aabn | a|a d

040 ## - CATALOGING SOURCE

  • Original cataloging agency: OSt
  • Transcribing agency: OSt

100 ## - HEADING--PERSONAL NAME

  • Personal name: Miranda, Álvaro,
  • Dates associated with a name: 1945-2020

670 ## - SOURCE DATA FOUND

  • Source citation: Work cat.: (OSt)31099: Miranda, Álvaro, 1945-2020., Climatización y refrigeración en Colombia / , 2006.